000 00584nam a2200277Ia 4500
005 20260401122045.0
008 008 250103s9999 xx 000 0 eng d
020 _a748612076
037 _aTB
040 _aEDL
040 _beng
040 _cEDL
041 _2eng
041 _aeng
084 _a801 BUC
084 _qEDL
245 0 _aDeleuze and Literarture
260 _aEdinburgh
260 _bEdinburgh University Press
260 _c2000
300 _a288p
942 _cTB
942 _h801 BUC
999 _c1844634
_d1844634